B.R. Ambedkar : champion of human right in India (Record no. 11599)

MARC details
000 -LEADER
fixed length control field 00560 a2200193 4500
001 - CONTROL NUMBER
control field 138863
003 - CONTROL NUMBER IDENTIFIER
control field OSt
005 - DATE AND TIME OF LATEST TRANSACTION
control field 20210924110755.0
008 - FIXED-LENGTH DATA ELEMENTS--GENERAL INFORMATION
fixed length control field
020 ## - INTERNATIONAL STANDARD BOOK NUMBER
International Standard Book Number 817827163X
082 ## - DEWEY DECIMAL CLASSIFICATION NUMBER
Classification number 923.254
Item number R18B
100 1# - MAIN ENTRY--PERSONAL NAME
Personal name Rao, Bidla Venkateswara
245 1# - TITLE STATEMENT
Title B.R. Ambedkar : champion of human right in India
Statement of responsibility, etc by Bidla Venkateswara Rao
260 ## - PUBLICATION, DISTRIBUTION, ETC. (IMPRINT)
Place of publication, distribution, etc New Delhi
Name of publisher, distributor, etc Manak Publications
Date of publication, distribution, etc 2006
300 ## - PHYSICAL DESCRIPTION
Extent 218p.
630 ## - SUBJECT ADDED ENTRY--UNIFORM TITLE
Uniform title Social Work
690 ## - LOCAL SUBJECT ADDED ENTRY--TOPICAL TERM (OCLC, RLIN)
Topical term or geographic name as entry element Ambedkar, B. R. (Bhimrao Ramji), 1891-1956; Human rights
942 ## - ADDED ENTRY ELEMENTS (KOHA)
Source of classification or shelving scheme Dewey Decimal Classification
Koha item type Books
Holdings
Withdrawn status Lost status Source of classification or shelving scheme Damaged status Not for loan Collection code Home library Current library Date acquired Source of acquisition Cost, normal purchase price Total Checkouts Full call number Barcode Date last seen Date checked out Price effective from Koha item type
    Dewey Decimal Classification     General Text Book Central University Of Rajasthan Central University Of Rajasthan 12/03/2014 SCW 0.00 7 923.254 R18B 14533 21/11/2024 26/06/2023 02/09/2020 Books